Autoconciencia y autodeterminación: una interpretación linguístico analítica

שמור ב:
מידע ביבליוגרפי
מחבר ראשי: Tugendhat, Ernst (Author)
פורמט: ספר
שפה:ספרדית
יצא לאור: Ciudad de México Fondo de Cultura Económica 1993
סדרה:Sección de Obras de Filosofía
נושאים:
תגים: הוספת תג
אין תגיות, היה/י הראשונ/ה לתייג את הרשומה!

MARC

LEADER 00000nam a2200000 a 4500
001 UCT8364
003 CL-VaPUC
005 20230421074440.0
008 970326e19930000MX |||||||||||||||||spa|d
999 |c 256872  |d 256870 
040 |c Pontificia Universidad Católica de Valparaíso 
082 0 4 |a 401  |b TUG  |2 21 
100 0 |a Tugendhat, Ernst  |e author  |9 380066 
245 1 0 |a Autoconciencia y autodeterminación: una interpretación linguístico analítica 
260 |a Ciudad de México  |b Fondo de Cultura Económica  |c 1993 
300 |a 287 p 
490 0 |a Sección de Obras de Filosofía 
583 |a last modification  |c 20120930 09:37:14  |k Rodrigo Vera 
600 0 7 |a FREUD, SIGMOND  |2 CL-VaPUC  |9 380067 
600 0 |a Hegel, Georg Wilhelm Friedrich  |d 1770-1831  |9 860268 
650 0 |a Filosofía contemporánea  |9 265372 
650 7 |a CONOCIMIENTO  |2 CL-VaPUC  |9 308991 
650 0 |a Comportamiento   |9 308406 
650 0 |a Sociedad  |9 307903 
650 0 |a Identidad   |9 336178 
650 0 |a Psicología   |9 257863 
650 0 |a Lenguaje   |9 265069 
942 |c BK  |2 ddc 
945 |d 19970326 00:00:00  |a nastorga 
952 |0 0  |1 0  |4 0  |6 401_000000000000000_TUG_1993  |7 0  |8 A  |9 279927  |a FDOPOS  |b FDOPOS  |d 2019-11-19  |i 3294722  |o 401 TUG 1993  |p 3294722  |r 2025-01-22  |w 2019-11-19  |y BK  |k MLA